Statistics for Pater Noster (Lord's Prayer in Latin)

Click here to take the quiz!

General Stats

  • This quiz has been taken 4 times
  • The average score is 15 of 31

Answer Stats

Verba % Correct
Pater
100%
qui
100%
sum (es)
100%
in
100%
nos
100%
noster
100%
et
75%
pane
75%
terra
75%
caelum
75%
nomen
75%
tuus
50%
a
50%
regnum
25%
malus
25%
libero
25%
sed
25%
tentatio
25%
induco
25%
ne
25%
dimitto
25%
debitum
25%
hodie,
25%
do
25%
quotidianus
25%
sanctificor
25%
advenio
25%
sicut
25%
voluntas
25%
fio
25%
Amen.
25%

Score Distribution

Percentile by Number Answered

Percent of People with Each Score

Your Score History

You have not taken this quiz